| 000 | 00884nam a22002651i 4500 | ||
|---|---|---|---|
| 001 | 13031 | ||
| 003 | ES-MaACL | ||
| 005 | 20240527195128.0 | ||
| 007 | t| | ||
| 008 | 900725s1978 sp r ||||0| spa j | ||
| 016 | 7 | _zIND91032345 | |
| 020 | _a84-235-0128-0 | ||
| 040 |
_aM-BN _bspa _cA2 |
||
| 080 | _a92 Lizarraga, Joaquín de | ||
| 100 | 1 |
_aApecechea Perurena, Juan. _922086 |
|
| 245 | 1 | 0 |
_aJoaquín de Lizarraga (1748-1835) _b: un escritor navarro en euskara / _c[por] Juan Apecechea Perurena. |
| 260 |
_aPamplona : _bDiputación Foral de Navarra, Institución Príncipe de Viana, _c1978. |
||
| 300 |
_a374 p., 1 h ; _c24 cm. |
||
| 500 | _aIndice. | ||
| 504 | _aBibliografía: p. 353-360. | ||
| 600 | 1 | 4 |
_aLizarraga, Joaquín de. _972614 |
| 710 | 2 |
_aInstitución Príncipe de Viana _94730 |
|
| 852 |
_aES-MaACL _jL-20438 _bR.119282 |
||
| 999 |
_c13031 _d13031 |
||